000 01209nam a22003497a 4500
003 CHAP
005 20220817041758.0
008 971013s1972 r 00010 d
010 _a24164
011 _a25136
035 _a29236
040 _cCHAP
082 _a636.0892
_bH3Y
100 0 0 _aHafez, E. S. E.
_eed.
_952206
245 _aDesarrollo y nutrición animal
260 _aZaragoza :
_bAcribia,
_c1972
300 _a472 p.
_b: ilus.
590 _aBATCH-UPD
_b10
_c20130109
_lUCH01
_h2358
590 _aBATCH-UPD
_b10
_c20130110
_lUCH01
_h0942
590 _aBATCH-UPD
_b10
_c20130410
_lUCH01
_h0558
590 _aBATCH-UPD
_b10
_c20130914
_lUCH01
_h0338
590 _aCONVERSION
_b10
_c20130109
_lUCH01
_h1314
650 1 4 _aAnimales domésticos
_xAnatomía y fisiología.
_95892
650 1 4 _aNutrición animal.
700 0 _aDyer, Irwin A.
_934801
901 _aBK
942 _cLIBRO
949 _a636.0892 H3Y
_bBC
_cLIBRO
_d33724000276267
_eLIBRO
_fc.3
_h47454
_i29236
_si
949 _a636.0892 H3Y
_bBC
_cLIBRO
_d33724000276275
_eLIBRO
_h40182
_i29236
_si
949 _a636.0892 H3Y
_bBC
_cLIBRO
_d33724000605689
_eLIBRO
_fc.2
_h46730
_i29236
_si
949 _a636.0892 H3Y
_bZA
_cLIBRO
_d-3021
_eLIBRO
_h5414
_i29236
_mD
_si
999 _c24164
_d24164